000 00390nam a2200145Ia 4500
008 150201s1988 xx 000 0 und d
082 _a612.015
_bP1988S
100 _aEMIL L SMITH
245 _aPRINCIPLES OF BIOCHEMISTRY: MAMMALIAN BIOCHEMISTRY
250 _a7TH
260 _bMc-GRAW-HILL L PUBLISHING
_aAUCKLAND
_c1988
300 _a1-760
650 _aBIOCHEMISTRY
942 _2ddc
_cBK
_01
999 _c2548
_d2548